Adventure at Kellie's Castle

Bibliographic Details
Main Author: Jean Adnan
Corporate Author: Title
Format: Book
Published: Kuala Lumpur : Utusan Publications , 2001
Series:Zul's gang
Subjects:

MARC

LEADER 00000cam a2200000 7i4500
001 0000002305
005 20151222.0
008 070711
020 |a 9676112399 
090 0 0 |a JF   |b ENG 
100 1 |a Jean Adnan 
245 1 0 |a Adventure at Kellie's Castle   |c Jean Adnan 
260 |a Kuala Lumpur :   |b Utusan Publications ,   |c 2001 
440 |a Zul's gang 
500 |a Children ages 10-12 years old (pink) 
650 0 |a Adventure 
650 0 |a Junior fiction   |x English   |x Languages 
710 0 |a Title 
999 |a 0000966963   |b Book   |c Children Collection   |e Cawangan Tmn. Ungku Tun Aminah 
999 |a 0000966964   |b Book   |c Children Collection   |e Cawangan Segamat 
999 |a 0000966965   |b Book   |c Children Collection   |e Perbadanan Perpustakaan Awam Johor